|
|
|
|
| LEADER |
01111nam a2200349 a 4500 |
| 001 |
000575825 |
| 003 |
CZ BrMZK |
| 005 |
20110829140813.0 |
| 007 |
ta |
| 008 |
010825s2001 xr g j cze d |
| 015 |
|
|
|a cnb001006699
|
| 020 |
|
|
|a 80-7272-040-6
|
| 035 |
|
|
|a (OCoLC)50345823
|
| 040 |
|
|
|a BOA001
|b cze
|
| 041 |
1 |
|
|a cze
|h swe
|
| 072 |
|
7 |
|a 821.11
|x Germánské literatury
|2 Konspekt
|9 25
|
| 080 |
|
|
|a 821.113.6-32
|2 MRF
|
| 080 |
|
|
|a (0:82-32)
|2 MRF
|
| 100 |
1 |
|
|a Trotzig, Birgitta,
|d 1929-2011
|7 jo20010090094
|4 aut
|
| 245 |
1 |
0 |
|a Živí a mrtví /
|c Brigita Trotzigová ; [ze švédského originálu přeložila Jana Holá]
|
| 260 |
|
|
|a Praha :
|b Dauphin,
|c 2001
|
| 300 |
|
|
|a 152 s. ;
|c 20 cm
|
| 490 |
1 |
|
|a Slova
|
| 655 |
|
7 |
|a švédské povídky
|7 fd133922
|2 czenas
|
| 700 |
1 |
|
|a Satrapa Holá, Jana,
|d 1970-
|7 jx20060117043
|4 trl
|
| 765 |
0 |
|
|t Berättelser
|
| 765 |
0 |
|
|t Levande och döda
|
| 765 |
0 |
|
|t I kejsarens tid
|
| 830 |
|
0 |
|a Slova
|0 s
|
| 910 |
|
|
|a BOA001
|b 2-1091.858
|
| 990 |
|
|
|a BK
|
| 996 |
6 |
|
|b 2610145344
|c 2-1091.858
|l MZK
|r Sklad / do 1 hodiny
|n 0
|p p.v.
|w 000575825
|u 000010
|a 1
|e BOA001
|j MZK50
|s P
|